000 00294nam a22001337a 4500
008 170315b xxu||||| |||| 00| 0 eng d
020 _a9781617310560
041 _aeng
080 _22ND
_a611
100 _a7
101 _aSHM
245 _aANATOMY & PHYSIOLOGY
_cAMERMAN, E.C
942 _2udc
_cBK
999 _c7919
_d7919